000 00467nam a2200133Ia 4500
005 20260328104245.0
008 260328s9999||||xx |||||||||||||| ||und||
100 _aZea de Uribe, Gloria
245 0 _aRecorridos Fotográficos por el Centro de Bogotá :
_b diagnostico preliminar para el inventario y reglamentacion del sector Histórico. /
_cGloria Zea de Uribe
260 _bInstituto Colombiano de Cultura
300 _a211 p.
650 _aFOTOGRAFÍA
942 _cBK
999 _c10048
_d10048